| Поле | Название | Значение |
| |
Тип записи |
c |
| |
Библиографический уровень |
m |
| 001 |
Контрольный номер |
UONB/MAIN/8d0f6bc2eccc4693b3d2d029254a7291 |
| 005 |
Дата корректировки |
20251125133416.7 |
| 010 |
Индекс ISBN |
__ |
| d |
Цена |
40 к. |
| 9 |
Тираж |
20000 экз. |
| 071 |
Издательские номер (звукозапись и ноты) |
21 |
| a |
Номер, присвоенный агентством |
12862 |
| 100 |
Данные общей обработки |
__ |
| a |
Данные общей обработки |
20220329g1984 ||uy0rusy0189 ca |
| 101 |
Язык документа |
0_ |
| a |
Язык текста |
rus |
| f |
Язык титульного листа |
rus |
| 102 |
Страна публикации |
__ |
| a |
Страна публикации |
RU |
| 125 |
Кодированные данные звукозаписи и нотных изданий |
__ |
| a |
Форма изложения нотного текста |
c |
| 128 |
Кодированные данные (звукозаписи-физические характеристики) |
__ |
| a |
Кодированные данные: Музыкальная форма и тональность или лад |
sg |
| c |
Инструменты или голоса, рекомендуемые для солистов (устаревшее) |
kt |
| 200 |
Заглавие и сведения об ответственности |
1_ |
| a |
Заглавие |
Вып. 11 |
| b |
Общее обозначение материала |
Ноты |
| f |
Первые сведения об ответственности |
сост. Н. Горлов |
| 210 |
Выходные данные |
1_ |
| d |
Дата издания |
1984 |
| 215 |
Физическое описание |
__ |
| a |
Объем |
35 с. включ. обл. |
| 327 |
Примечание о содержании |
11 |
| a |
Примечание о содержании |
Содерж.: Туликов С. Мы люди Ленинского века / сл. В. Лазарева. - Пахмутова А. Комсомольская путевка ; Я не могу иначе / сл. Е. Долматовского. - Листов К. Пишите, девчонки, солдатам-друзьям! / сл. Н. Карева. - Эшпай А. Москвичи / сл. Е. Винокурова. - Гевиксман В. Березовые сны : из киноэпопеи "Великая Отечественная" / сл. Г. Фере. - Мартынов Е. Встреча друзей / сл. Р. Рождественского. - Гарин Л. Древние слова / сл. Н. Олева. - Горлов Н. Уезжала песня на Восток / сл. В. Семернина. - Киселев Б. За рекою / сл. А. Владимирова. - Фиготин Б. Ох, и трудно молчаливого любить! / сл. Б. Южанина. - Афанасьев Л. Не грусти / сл. В. Гурьяна. - Вот кто-то с горочки спустился / мелодия нар. ; обраб. Б. Терентьева. |
| 461 |
Уровень набора |
_0 |
| 1 |
|
2001 |
| a |
|
Популярные песни в переложении для баяна или аккордеона |
| b |
|
Ноты |
| e |
|
[с надпис. текстом] |
| v |
|
Вып. 11 |
| 1 |
|
2101 |
| a |
|
М. |
| c |
|
Музыка |
| d |
|
1982 - |
| 1 |
|
001UONB/MAIN/3f953c3232fc466c979063380d5fd5f1 |
| 464 |
Аналитический уровень |
_0 |
| 1 |
|
700 1 |
| a |
|
Туликов |
| b |
|
С. |
| 1 |
|
2001 |
| a |
|
Мы люди Ленинского века |
| e |
|
Мы люди Ленинского века... |
| 1 |
|
702 1 |
| a |
|
Лазарев |
| b |
|
Вл. |
| 4 |
|
520 |
| 464 |
Аналитический уровень |
_0 |
| 1 |
|
700 1 |
| a |
|
Пахмутова |
| b |
|
А. |
| 1 |
|
2001 |
| a |
|
Комсомольская путевка |
| e |
|
Век двадцатый, год двадцатый... |
| 1 |
|
702 1 |
| a |
|
Долматовский |
| b |
|
Е. |
| 4 |
|
520 |
| 464 |
Аналитический уровень |
_0 |
| 1 |
|
700 1 |
| a |
|
Листов |
| b |
|
К. |
| 1 |
|
2001 |
| a |
|
Пишите, девчонки, солдатам-друзьям! |
| e |
|
Спускается синяя мгла на поля... |
| 1 |
|
702 1 |
| a |
|
Карев |
| b |
|
Н. |
| 4 |
|
520 |
| 464 |
Аналитический уровень |
_0 |
| 1 |
|
700 1 |
| a |
|
Эшпай |
| b |
|
А. |
| 1 |
|
2001 |
| a |
|
Москвичи |
| e |
|
В полях за Вислой сонной... |
| 1 |
|
702 1 |
| a |
|
Винокуров |
| b |
|
Е. |
| 4 |
|
520 |
| 464 |
Аналитический уровень |
_0 |
| 1 |
|
50010 |
| а |
|
Великая Отечественная |
| 1 |
|
2001 |
| a |
|
Березовые сны |
| e |
|
Земля снегов и лебединых облаков... |
| e |
|
из киноэпопеи "Великая Отечественная" |
| 1 |
|
700 1 |
| a |
|
Гевиксман |
| b |
|
В. |
| 1 |
|
702 1 |
| a |
|
Фере |
| b |
|
Г. |
| 4 |
|
520 |
| 464 |
Аналитический уровень |
_0 |
| 1 |
|
700 1 |
| a |
|
Мартынов |
| b |
|
Е. |
| 1 |
|
2001 |
| a |
|
Встреча друзей |
| e |
|
Песня пусть начинается... |
| 1 |
|
702 1 |
| a |
|
Рождественский |
| b |
|
Р. |
| 4 |
|
520 |
| 464 |
Аналитический уровень |
_0 |
| 1 |
|
700 1 |
| a |
|
Гарин |
| b |
|
Л. |
| 1 |
|
2001 |
| a |
|
Древние слова |
| e |
|
Словно кораблю... |
| 1 |
|
702 1 |
| a |
|
Олев |
| b |
|
Н. |
| 4 |
|
520 |
| 464 |
Аналитический уровень |
_0 |
| 1 |
|
700 1 |
| a |
|
Пахмутова |
| b |
|
А. |
| 1 |
|
2001 |
| a |
|
Я не могу иначе |
| e |
|
Нет без тревог ни сна, ни дня... |
| 1 |
|
702 1 |
| a |
|
Добронравов |
| b |
|
Н. |
| 4 |
|
520 |
| 464 |
Аналитический уровень |
_0 |
| 1 |
|
702 1 |
| a |
|
Семернин |
| b |
|
В. |
| 4 |
|
520 |
| 1 |
|
2001 |
| a |
|
Уезжала песня на Восток |
| e |
|
Уезжала песня на Восток... |
| 1 |
|
700 1 |
| a |
|
Горлов |
| b |
|
Н. |
| 464 |
Аналитический уровень |
_0 |
| 1 |
|
702 1 |
| a |
|
Владимиров |
| b |
|
А. |
| 4 |
|
520 |
| 1 |
|
2001 |
| a |
|
За рекою |
| e |
|
За рекою на утренних росах... |
| 1 |
|
700 1 |
| a |
|
Киселев |
| b |
|
Б. |
| 464 |
Аналитический уровень |
_0 |
| 1 |
|
702 1 |
| a |
|
Южанин |
| b |
|
Б. |
| 4 |
|
520 |
| 1 |
|
2001 |
| a |
|
Ох, и трудно молчаливого любить! |
| e |
|
Рассудите, дорогие, как мне быть... |
| 1 |
|
700 1 |
| a |
|
Фиготин |
| b |
|
Б. |
| 464 |
Аналитический уровень |
_0 |
| 1 |
|
702 1 |
| a |
|
Гурьян |
| b |
|
В. |
| 4 |
|
520 |
| 1 |
|
2001 |
| a |
|
Не грусти |
| e |
|
Не грусти, что листья осыпаются... |
| 1 |
|
700 1 |
| a |
|
Афанасьев |
| b |
|
Л. |
| 464 |
Аналитический уровень |
_0 |
| 1 |
|
700 1 |
| а |
|
Мелодия народная |
| 1 |
|
2001 |
| a |
|
Вот кто-то с горочки спустился |
| e |
|
Вот кто-то с горочки спустился... |
| 1 |
|
702 1 |
| a |
|
Слова народные |
| 4 |
|
520 |
| 1 |
|
702 1 |
| a |
|
Терентьев |
| b |
|
Б. |
| 4 |
|
030 |
| 512 |
Заглавие обложки |
1_ |
| a |
Заглавие обложки |
Популярные песни в переложении для баяна или аккордеона |
| 606 |
Тематические рубрики |
0_ |
| a |
Основная рубрика |
Баян |
| x |
Основная подрубрика |
Популярные песни |
| 606 |
Тематические рубрики |
0_ |
| a |
Основная рубрика |
Аккордеон |
| x |
Основная подрубрика |
Популярные песни |
| 610 |
Ключевые слова |
0_ |
| a |
Ключевые слова |
баян; аккордеон; популярные песни; переложения |
| 686 |
Индексы других классификаций |
__ |
| 2 |
Код системы |
rubbk |
| a |
Классификационный индекс |
85.954.6-094-041(2)я43 |
| a |
Классификационный индекс |
85.954.7-094-041(2)я43 |
| 702 |
Вторичная интеллектуальная ответственность |
_1 |
| a |
Фамилия |
Горлов |
| b |
Имя (инициалы) |
Н. Б. |
| g |
Полное личное имя |
Николай Борисович |
| 4 |
Код отношения |
220 |
| 801 |
Источник записи |
_0 |
| a |
Страна |
RU |
| b |
Организация |
Ульяновская ОНБ |
| c |
Дата составления |
20220329 |
| g |
Правила каталогизации |
RCR |
| 801 |
Источник записи |
_1 |
| a |
Страна |
RU |
| b |
Организация |
Ульяновская ОНБ |
| c |
Дата составления |
20220329 |
| g |
Правила каталогизации |
RCR |
| 901 |
Тип документа |
__ |
| t |
Тип документа |
n |
| w |
Контрольный № источника |
UONB/MAIN/3f953c3232fc466c979063380d5fd5f1 |
| 909 |
Создатель записи |
__ |
| a |
Создатель записи |
Грязнова И. Е. |